Financial statement analysis : a practitioner's guide /
This book is divided into three parts: Reading between the Lines; The basic financial statements; and Forecasts, Analysis, and Special Cases.
שמור ב:
| מחבר ראשי: | |
|---|---|
| פורמט: | ספר |
| שפה: | English |
| יצא לאור: |
New York :
John Wiley and Sons,
1996.
|
| מהדורה: | 2nd ed. |
| נושאים: | |
| תגים: |
הוספת תג
אין תגיות, היה/י הראשונ/ה לתייג את הרשומה!
|
| Thư viện lưu trữ: | Mạng thư viện Đại học Đà Nẵng |
|---|
| LEADER | 01042cam a2200361 i 4500 | ||
|---|---|---|---|
| 001 | 000047714 | ||
| 003 | 7407 | ||
| 005 | 20030318161636.0 | ||
| 008 | 010324|1996 vm 000 eng | ||
| 020 | |a 047116044X | ||
| 040 | |a IRC |c IRC |d IRC | ||
| 041 | 0 | |a eng | |
| 082 | 1 | 4 | |a 657.3 |b FR-M |
| 100 | 1 | |a Fridson, Martin S. | |
| 245 | 0 | 0 | |a Financial statement analysis : |b a practitioner's guide / |c Martin S. Fridson. |
| 250 | |a 2nd ed. | ||
| 260 | |a New York : |b John Wiley and Sons, |c 1996. | ||
| 300 | |a 322 p. ; |c 23cm. | ||
| 520 | 3 | |a This book is divided into three parts: Reading between the Lines; The basic financial statements; and Forecasts, Analysis, and Special Cases. | |
| 630 | 0 | 4 | |a Finance. |
| 630 | 0 | 4 | |a Economics. |
| 650 | 0 | 4 | |a Ratio analysis. |
| 650 | 0 | 4 | |a Financial statements. |
| OWN | |a DUT | ||
| 999 | |a From the UDN01 | ||
| TYP | |a Monograph | ||
| TYP | |a Printed language | ||
| 980 | |a Mạng thư viện Đại học Đà Nẵng | ||


